| 000 | 00367pam a2200157a 44500 | ||
|---|---|---|---|
| 008 | 230515b2014 xxu||||| |||| 00| 0 eng d | ||
| 020 | _a978007014094 | ||
| 041 | _aENGLISH | ||
| 082 | _a0 | ||
| 100 | _aNAGRATH I.J./SHARAN S.N. | ||
| 245 | _aSIGNALS AND SYSTEMS | ||
| 250 | _a2014 | ||
| 260 |
_aPUNE _bTATA MC GRAW HILL _c2014 |
||
| 300 | _a635P | ||
| 650 | _aNULL | ||
| 999 |
_c608570 _d608570 |
||